[Event "Mistrovstvi CR senioru nad 60 let"]
[Site "?"]
[Date "2017.08.25"]
[Round "7"]
[White "Sibl, Vaclav"]
[Black "Mares, Ilja"]
[Result "1/2-1/2"]
[WhiteElo "1923"]
[BlackElo "1793"]
[PlyCount "137"]
[EventDate "2017.08.19"]

1. d4 Nf6 2. Nf3 g6 3. g3 Bg7 4. Bg2 O-O 5. O-O d5 6. c4 c6 7. cxd5 cxd5 8. Nc3
Nc6 9. Bf4 Nh5 10. Be3 b6 11. Rc1 Bb7 12. h3 Qd7 13. Qd2 Rac8 14. Bh6 e6 15.
Rfd1 Bxh6 16. Qxh6 f6 17. h4 Ba6 18. Bh3 f5 19. Kh2 Nf6 20. Kg1 Ne4 21. Re1
Nxc3 22. Rxc3 Nb4 23. Rxc8 Rxc8 24. Ne5 Qe7 25. a3 Nc6 26. Nf3 Na5 27. Qe3 Nc4
28. Qb3 Nd6 29. Nd2 Qc7 30. Qe3 Ne4 31. Nxe4 dxe4 32. Qb3 Kf7 33. g4 Bc4 34.
Qc3 Qf4 35. Qg3 Qxg3+ 36. fxg3 Bb3 37. gxf5 exf5 38. g4 fxg4 39. Rf1+ Ke7 40.
Bxg4 Rc2 41. Kf2 Rxb2 42. Ke3 Bd5 43. Ra1 Rb3+ 44. Kf4 Kf6 45. Bd7 h6 46. a4
Rb2 47. Ke3 Rb3+ 48. Kf4 a6 49. Rc1 Rb4 50. e3 Rb2 51. Re1 Rf2+ 52. Kg3 Rf3+
53. Kg2 g5 54. Bg4 gxh4 55. Bxf3 exf3+ 56. Kh3 Kg5 57. Rg1+ Kf5 58. Kxh4 Ke4
59. Kg3 Kxe3 60. Re1+ Kxd4 61. Kf2 b5 62. axb5 axb5 63. Rh1 b4 64. Rxh6 b3 65.
Rb6 Kc3 66. Rb5 Bc4 67. Rb8 Bd5 68. Rc8+ Kd3 69. Rb8 1/2-1/2

[Event "Mistrovstvi CR senioru nad 60 let"]
[Site "?"]
[Date "2017.08.25"]
[Round "7"]
[White "Kolek, Josef"]
[Black "Tejkal, Jiri"]
[Result "1/2-1/2"]
[WhiteElo "1794"]
[BlackElo "1917"]
[PlyCount "80"]
[EventDate "2017.08.19"]

1. e4 c5 2. Nc3 Nc6 3. Nf3 d6 4. d4 cxd4 5. Nxd4 Nf6 6. Be3 e6 7. Be2 Be7 8. g4
h6 9. Qd2 Nxd4 10. Bxd4 e5 11. Be3 a6 12. h3 Be6 13. f4 Rc8 14. O-O Qc7 15. Bd3
Bd7 16. Qf2 Bc6 17. Bb6 Qd7 18. Rad1 Bd8 19. Be3 Qe6 20. Nd5 Nxd5 21. exd5 Qxd5
22. Qh2 Qe6 23. Bf5 Qxa2 24. Bxc8 exf4 25. Bd4 O-O 26. b3 Qa5 27. Qe2 Qd5 28.
Qh2 Bh4 29. c4 Qg5 30. Bf5 Bg3 31. Qc2 Re8 32. Bh7+ Kh8 33. Qf5 Re2 34. Rf2
Bxf2+ 35. Bxf2 Qe7 36. Qd3 g6 37. Bxg6 fxg6 38. Qxg6 Rxf2 39. Qxh6+ Kg8 40.
Qg6+ Kh8 1/2-1/2

[Event "Mistrovstvi CR senioru nad 60 let"]
[Site "?"]
[Date "2017.08.26"]
[Round "8"]
[White "Lorenc, Oldrich"]
[Black "Mlynek, Petr"]
[Result "1/2-1/2"]
[WhiteElo "2055"]
[BlackElo "2094"]
[PlyCount "25"]
[EventDate "2017.08.19"]

1. e4 c6 2. d4 d5 3. Nc3 dxe4 4. Nxe4 Nd7 5. Nf3 Ngf6 6. Nc3 Nb6 7. Be2 Bg4 8.
O-O e6 9. Bg5 Be7 10. h3 Bh5 11. Ne5 Bxe2 12. Nxe2 O-O 13. c3 1/2-1/2

[Event "Mistrovstvi CR senioru nad 60 let"]
[Site "?"]
[Date "2017.08.26"]
[Round "8"]
[White "Chudinovskikh, Alexander M"]
[Black "Pribyl, Jaroslav"]
[Result "0-1"]
[WhiteElo "2229"]
[BlackElo "1944"]
[PlyCount "74"]
[EventDate "2017.08.19"]

1. d4 Nf6 2. Nf3 e6 3. g3 b6 4. Bg2 Bb7 5. O-O Be7 6. c4 O-O 7. d5 exd5 8. Nh4
c6 9. cxd5 Nxd5 10. Nf5 d6 11. e4 Nf6 12. Bf4 d5 13. e5 Ne8 14. Qg4 Kh8 15.
Nxe7 Qxe7 16. Nc3 Nc7 17. Bg5 Qd7 18. Qh4 Ne6 19. Bh3 Nxg5 20. Bg4 Qd8 21. f4
Ne4 22. Qh3 Nxc3 23. bxc3 c5 24. f5 Nc6 25. Rae1 f6 26. e6 Ne5 27. Qh4 Nxg4 28.
e7 Qd6 29. Re6 Qd7 30. exf8=Q+ Rxf8 31. Qxg4 d4 32. c4 d3 33. Qf4 Rd8 34. Rd1
h6 35. Rxf6 gxf6 36. Qxh6+ Kg8 37. Qg6+ Qg7 0-1

[Event "Mistrovstvi CR senioru nad 60 let"]
[Site "?"]
[Date "2017.08.26"]
[Round "8"]
[White "Pospisil, Evzen"]
[Black "Novotny, Josef"]
[Result "1-0"]
[WhiteElo "2064"]
[BlackElo "2045"]
[PlyCount "65"]
[EventDate "2017.08.19"]

1. d4 e6 2. Nf3 d6 3. Bf4 Nf6 4. e3 c6 5. c3 Nbd7 6. Nbd2 Qc7 7. h3 Be7 8. Bd3
h6 9. Bh2 b6 10. e4 Bb7 11. Nc4 b5 12. Nxd6+ Bxd6 13. e5 Bf8 14. exf6 Qb6 15.
fxg7 Bxg7 16. Qe2 O-O-O 17. a4 e5 18. a5 Qa6 19. dxe5 Nc5 20. Bf5+ Kb8 21. O-O
Ka8 22. b4 Ne6 23. Rfd1 Rde8 24. Nd4 Nc7 25. Nb3 Bf8 26. e6 Nxe6 27. Qe5 Bg7
28. Qg3 c5 29. Bxe6 Qxe6 30. Nxc5 Be5 31. Qxe5 Qxe5 32. Bxe5 Rxe5 33. Nxb7 1-0

[Event "Mistrovstvi CR senioru nad 60 let"]
[Site "?"]
[Date "2017.08.26"]
[Round "8"]
[White "Drabek, Miloslav"]
[Black "Vlachopulos, Georgis"]
[Result "1/2-1/2"]
[WhiteElo "2036"]
[BlackElo "1844"]
[PlyCount "42"]
[EventDate "2017.08.19"]

1. d4 f5 2. Nf3 Nf6 3. c4 e6 4. Nc3 Be7 5. e3 d6 6. Bd3 O-O 7. Qc2 c6 8. Bd2 d5
9. O-O-O Ne4 10. Rhf1 Nd7 11. Kb1 a5 12. Ne1 Qc7 13. g3 Ndf6 14. f3 Nxd2+ 15.
Rxd2 Bd7 16. Ng2 Rac8 17. Nf4 Bd6 18. Rdd1 Kh8 19. c5 Bxf4 20. gxf4 b5 21. Rg1
Rf7 1/2-1/2

[Event "Mistrovstvi CR senioru nad 60 let"]
[Site "?"]
[Date "2017.08.26"]
[Round "8"]
[White "Humlicek, Vojtech"]
[Black "Horak, Vladimir"]
[Result "1/2-1/2"]
[WhiteElo "1953"]
[BlackElo "1946"]
[PlyCount "27"]
[EventDate "2017.08.19"]

1. e4 e6 2. d4 d5 3. Nd2 dxe4 4. Nxe4 Bd7 5. Nf3 Bc6 6. Bd3 Nd7 7. O-O Ngf6 8.
Nc3 Bxf3 9. Qxf3 c6 10. Bf4 Be7 11. Rfe1 Qa5 12. a3 Qh5 13. Qg3 Qg4 14. Ne4
1/2-1/2

[Event "Mistrovstvi CR senioru nad 60 let"]
[Site "?"]
[Date "2017.08.26"]
[Round "8"]
[White "Pociejowski, Marek"]
[Black "Kohout, Jan"]
[Result "1-0"]
[WhiteElo "1871"]
[BlackElo "1919"]
[PlyCount "123"]
[EventDate "2017.08.19"]

1. d4 Nf6 2. c4 e6 3. Nf3 d5 4. Nc3 Nbd7 5. Bg5 c6 6. e3 Be7 7. Bd3 h6 8. Bh4
O-O 9. O-O b6 10. Rc1 Nh5 11. Bxe7 Qxe7 12. Ne5 Nxe5 13. dxe5 g6 14. Qe2 Bb7
15. Rfd1 Rad8 16. a3 Ng7 17. Rc2 Rd7 18. Rcd2 Rfd8 19. cxd5 exd5 20. f4 Qe6 21.
Bc2 c5 22. Ba4 Bc6 23. Bb3 c4 24. Bc2 Kh7 25. Rd4 f6 26. exf6 Qxf6 27. Qf3 Qf7
28. Qg4 Nf5 29. Bxf5 gxf5 30. Qh3 Qe6 31. Kf2 b5 32. Qf3 Kg6 33. Ne2 b4 34. Ng3
Kh7 35. Qh5 Rf8 36. Ne2 a5 37. R4d2 Re7 38. Qf3 d4 39. Nxd4 Bxf3 40. Nxe6 Rxe6
41. Kxf3 Rfe8 42. Rd7+ Kg8 43. Re1 Rc8 44. axb4 axb4 45. Red1 Rec6 46. Rd8+ Kf7
47. Rxc8 Rxc8 48. Rc1 Ke6 49. e4 h5 50. e5 c3 51. bxc3 b3 52. c4 b2 53. Rb1
Rxc4 54. Rxb2 Rc3+ 55. Kf2 Kd5 56. g3 Ra3 57. Rd2+ Ke6 58. Rd6+ Ke7 59. Kg2 h4
60. Rf6 Ra2+ 61. Kh3 hxg3 62. hxg3 1-0

[Event "Mistrovstvi CR senioru nad 60 let"]
[Site "?"]
[Date "2017.08.26"]
[Round "8"]
[White "Pilar, Miloslav"]
[Black "Novotny, Jaroslav"]
[Result "1/2-1/2"]
[WhiteElo "2160"]
[BlackElo "1914"]
[PlyCount "69"]
[EventDate "2017.08.19"]

1. Nf3 Nf6 2. c4 g6 3. Nc3 Bg7 4. d4 d5 5. Bg5 Ne4 6. Bh4 Nxc3 7. bxc3 dxc4 8.
Qa4+ c6 9. Qxc4 Qa5 10. e3 Na6 11. Qb3 Nc5 12. Qb4 Qxb4 13. cxb4 Ne4 14. Bd3
Nd6 15. Ke2 Bf5 16. a3 Bxd3+ 17. Kxd3 Nf5 18. Bg3 Nxg3 19. hxg3 h5 20. Rhc1 a6
21. Rab1 e6 22. Nd2 O-O-O 23. Ke2 e5 24. dxe5 Bxe5 25. a4 Bc7 26. b5 axb5 27.
axb5 cxb5 28. Rxb5 Rd7 29. Nc4 Kb8 30. Rcb1 Bd8 31. Kf3 f6 32. R1b2 Re8 33. Nd2
Re6 34. Nb3 Rb6 35. Nd4 1/2-1/2

[Event "Mistrovstvi CR senioru nad 60 let"]
[Site "?"]
[Date "2017.08.26"]
[Round "8"]
[White "Jablecnik, Gustav"]
[Black "Franc, Lubor"]
[Result "1-0"]
[WhiteElo "2109"]
[BlackElo "1865"]
[PlyCount "77"]
[EventDate "2017.08.19"]

1. e4 c6 2. Nc3 d5 3. Qf3 dxe4 4. Nxe4 Nf6 5. Bc4 Nbd7 6. d4 e6 7. c3 Nxe4 8.
Qxe4 Nf6 9. Qc2 Qc7 10. Nf3 Bd6 11. O-O h6 12. Re1 Bf4 13. g3 Bxc1 14. Raxc1
O-O 15. b4 b6 16. Ne5 c5 17. dxc5 bxc5 18. Qb3 Rb8 19. b5 a6 20. a4 axb5 21.
axb5 Rb6 22. Bd3 Nd7 23. Nc4 Rb8 24. Rb1 Nb6 25. Ne5 Nd7 26. Nc6 Rb6 27. Ne7+
Kh8 28. Nxc8 Rxc8 29. c4 Rd6 30. Rbd1 Rd8 31. Be2 Nb6 32. Rxd6 Rxd6 33. Rd1
Rxd1+ 34. Qxd1 Qd7 35. Qa1 Kg8 36. Qe5 Na4 37. Bf3 Kf8 38. Bc6 Qa7 39. Qa1 1-0

[Event "Mistrovstvi CR senioru nad 60 let"]
[Site "?"]
[Date "2017.08.26"]
[Round "8"]
[White "Svec, Ludek"]
[Black "Korenek, Frantisek"]
[Result "0-1"]
[WhiteElo "1669"]
[BlackElo "2075"]
[PlyCount "99"]
[EventDate "2017.08.19"]

1. d4 Nf6 2. Nf3 g6 3. g3 Bg7 4. Bg2 O-O 5. c4 d6 6. O-O Nbd7 7. Nc3 c6 8. a4
e5 9. dxe5 dxe5 10. e4 Qc7 11. Qc2 a5 12. b3 Re8 13. Ba3 Bf8 14. Bxf8 Nxf8 15.
Rad1 Bg4 16. h3 Bxf3 17. Bxf3 Ne6 18. Bg2 Rad8 19. Ne2 Rxd1 20. Rxd1 Rd8 21.
Kf1 Rxd1+ 22. Qxd1 Qd7 23. Qxd7 Nxd7 24. Bf3 Ndc5 25. Nc1 Nd4 26. Bd1 Nxe4 27.
Ke1 f6 28. h4 Kf7 29. g4 h6 30. f3 Nc5 31. Kd2 Ke6 32. Kc3 Kd6 33. b4 axb4+ 34.
Kxb4 b6 35. a5 bxa5+ 36. Kxa5 f5 37. Kb4 e4 38. gxf5 gxf5 39. fxe4 fxe4 40. Bg4
Nce6 41. Ne2 Nxe2 42. Bxe2 c5+ 43. Kc3 Ke5 44. Bh5 Nf4 45. Bf7 e3 46. Be8 Ng2
47. Kd3 Kf4 48. h5 Ne1+ 49. Ke2 Nf3 50. Bc6 0-1

[Event "Mistrovstvi CR senioru nad 60 let"]
[Site "?"]
[Date "2017.08.26"]
[Round "8"]
[White "Salac, Jiri"]
[Black "Wiedermann, Jan"]
[Result "1/2-1/2"]
[WhiteElo "2056"]
[BlackElo "1827"]
[PlyCount "46"]
[EventDate "2017.08.19"]

1. d4 d5 2. Bf4 Nf6 3. e3 e6 4. Nd2 Bd6 5. Bg3 O-O 6. c3 Nc6 7. f4 Ne7 8. Bd3
b6 9. Qf3 a5 10. e4 dxe4 11. Nxe4 Nfd5 12. a3 Nf5 13. Ne2 Ba6 14. c4 Nf6 15.
Bf2 Nxe4 16. Qxe4 Rb8 17. g4 Bb7 18. d5 exd5 19. cxd5 Bxd5 20. Qxf5 g6 21. Qxd5
Bb4+ 22. axb4 Qxd5 23. O-O-O Qc6+ 1/2-1/2

[Event "Mistrovstvi CR senioru nad 60 let"]
[Site "?"]
[Date "2017.08.26"]
[Round "8"]
[White "Becvar, Miroslav"]
[Black "Sobotnik, Petr"]
[Result "1/2-1/2"]
[WhiteElo "1860"]
[BlackElo "1920"]
[PlyCount "136"]
[EventDate "2017.08.19"]

1. e4 g6 2. d4 Bg7 3. Nf3 d6 4. c3 Nf6 5. Bd3 O-O 6. Bg5 Nbd7 7. Nbd2 c6 8. O-O
e5 9. h3 Qc7 10. Rc1 Nh5 11. Nc4 Re8 12. Qd2 Nb6 13. Nxb6 axb6 14. Bb1 Be6 15.
d5 cxd5 16. exd5 Bd7 17. c4 f5 18. Bh6 Qd8 19. Bxg7 Kxg7 20. Qb4 Qc7 21. b3 Qc5
22. Qd2 Nf4 23. Kh2 Qc7 24. g3 Nh5 25. Qb4 Re7 26. Rfe1 Rae8 27. a4 h6 28. Rcd1
Nf6 29. Qc3 Rf7 30. Kg2 Qc5 31. Qb2 Ref8 32. Re2 Qc8 33. Nh2 Kg8 34. f4 e4 35.
Kf2 Kh7 36. Ke3 Nh5 37. Rg2 Nf6 38. Qd4 Qc5 39. Bc2 Kh8 40. Qxc5 bxc5 41. Rdg1
Rg7 42. Bd1 g5 43. h4 gxh4 44. gxh4 Rfg8 45. Rxg7 Rxg7 46. Rxg7 Kxg7 47. Nf1
Ne8 48. Kf2 Kf6 49. Ne3 Nc7 50. Bh5 Na6 51. Nc2 Nc7 52. Ne3 Be8 53. Bd1 Na6 54.
Nc2 Bd7 55. Be2 Ke7 56. Bh5 Be8 57. Be2 Nb4 58. Nxb4 cxb4 59. Ke3 Kd7 60. Kd4
b6 61. Bd1 Kc7 62. Be2 Kb7 63. Bd1 Ka6 64. Be2 Ka5 65. Bd1 Ka6 66. Be2 Ka5 67.
Bd1 Bd7 68. Bh5 Ka6 1/2-1/2

[Event "Mistrovstvi CR senioru nad 60 let"]
[Site "?"]
[Date "2017.08.26"]
[Round "8"]
[White "Tejkal, Jiri"]
[Black "Lexa, Vaclav"]
[Result "0-1"]
[WhiteElo "1917"]
[BlackElo "1862"]
[PlyCount "80"]
[EventDate "2017.08.19"]

1. d4 d5 2. c4 e6 3. Nc3 Nf6 4. Bg5 Be7 5. e3 c6 6. Nf3 O-O 7. Bd3 dxc4 8. Bxc4
Nd5 9. Bxe7 Qxe7 10. Rc1 Nd7 11. O-O Nxc3 12. Rxc3 e5 13. dxe5 Nxe5 14. Nxe5
Qxe5 15. f4 Qe8 16. f5 b5 17. Bd3 f6 18. Bc2 b4 19. Bb3+ Kh8 20. Rc2 Bb7 21.
Rf3 Rd8 22. Qe1 c5 23. Rh3 Qe4 24. Rf2 c4 25. Bc2 Qe7 26. Rf4 Bd5 27. Qh4 h6
28. e4 Bg8 29. Qe1 Rd4 30. Re3 Rfd8 31. Rff3 Bf7 32. e5 Bh5 33. exf6 Qxf6 34.
Re6 Qf8 35. f6 Bxf3 36. gxf3 gxf6 37. Re7 R4d7 38. Re4 Rd2 39. Qb1 Qc5+ 40. Kh1
Qf2 0-1

[Event "Mistrovstvi CR senioru nad 60 let"]
[Site "?"]
[Date "2017.08.26"]
[Round "8"]
[White "Hlavac, Frantisek"]
[Black "Majerik, Vladimir"]
[Result "1/2-1/2"]
[WhiteElo "1964"]
[BlackElo "1809"]
[PlyCount "51"]
[EventDate "2017.08.19"]

1. e4 c6 2. d4 d5 3. e5 Bf5 4. Nc3 Qd7 5. Nce2 e6 6. Ng3 Bg6 7. h4 h6 8. h5 Bh7
9. Nf3 Ne7 10. Rh4 Nf5 11. Rg4 Qc7 12. Bd3 Nxg3 13. Rxg3 Bxd3 14. Qxd3 Nd7 15.
Kf1 O-O-O 16. Be3 f6 17. Bf4 f5 18. Rc1 Nb6 19. Rg6 Qf7 20. a4 Be7 21. Qe2 Nd7
22. Nd2 Rdg8 23. c4 Nf8 24. Rg3 g5 25. hxg6 Nxg6 26. Rf3 1/2-1/2

[Event "Mistrovstvi CR senioru nad 60 let"]
[Site "?"]
[Date "2017.08.26"]
[Round "8"]
[White "Vacek, Jaroslav"]
[Black "Sibl, Vaclav"]
[Result "0-1"]
[WhiteElo "1721"]
[BlackElo "1923"]
[PlyCount "72"]
[EventDate "2017.08.19"]

1. e4 d6 2. d4 Nf6 3. Nc3 Nbd7 4. Nf3 e5 5. dxe5 dxe5 6. Bg5 Be7 7. Bxf6 Bxf6
8. Nd5 O-O 9. Bd3 c6 10. Nxf6+ Qxf6 11. Qe2 Nc5 12. Rd1 Bg4 13. h3 Bxf3 14.
Qxf3 Qxf3 15. gxf3 Ne6 16. c3 Rfd8 17. Bc2 Nf4 18. Rxd8+ Rxd8 19. a3 Kf8 20. h4
g6 21. Rg1 f6 22. Bb1 a5 23. Bc2 b5 24. Bb1 c5 25. Bc2 Ke7 26. b3 Rd6 27. Bb1
Kd7 28. Bc2 Kc7 29. a4 Kb6 30. Bb1 c4 31. Bc2 cxb3 32. Bxb3 bxa4 33. Bxa4 Rd3
34. c4 Ra3 35. Bd1 Ra2 36. Kf1 a4 0-1

[Event "Mistrovstvi CR senioru nad 60 let"]
[Site "?"]
[Date "2017.08.27"]
[Round "9"]
[White "Pribyl, Jaroslav"]
[Black "Pociejowski, Marek"]
[Result "1/2-1/2"]
[WhiteElo "1944"]
[BlackElo "1871"]
[PlyCount "71"]
[EventDate "2017.08.19"]

1. e4 Nf6 2. e5 Nd5 3. d4 d6 4. Nf3 dxe5 5. Nxe5 g6 6. Be2 Bg7 7. O-O O-O 8. c4
Nb6 9. Bf4 c6 10. Nc3 Be6 11. b3 N8d7 12. Nf3 Nf6 13. Qd2 Re8 14. Rfd1 Nh5 15.
Be3 Bg4 16. Ne1 Bxe2 17. Nxe2 Qc7 18. Nd3 Rad8 19. Qa5 Qb8 20. Ndf4 Nxf4 21.
Bxf4 e5 22. dxe5 Rxd1+ 23. Rxd1 Bxe5 24. Bxe5 Rxe5 25. Qd2 Qe8 26. Ng3 Re7 27.
h3 Rd7 28. Qc2 Rxd1+ 29. Qxd1 Nd7 30. Qd4 c5 31. Qd5 b6 32. Kh2 Nf6 33. Qd6 Kg7
34. Qd2 Qe5 35. f4 Qc7 36. Qe3 1/2-1/2

[Event "Mistrovstvi CR senioru nad 60 let"]
[Site "?"]
[Date "2017.08.27"]
[Round "9"]
[White "Korenek, Frantisek"]
[Black "Lorenc, Oldrich"]
[Result "1/2-1/2"]
[WhiteElo "2075"]
[BlackElo "2055"]
[PlyCount "47"]
[EventDate "2017.08.19"]

1. d4 Nf6 2. c4 g6 3. Nf3 Bg7 4. g3 O-O 5. Bg2 c6 6. O-O d5 7. Nbd2 Ne4 8. e3
Bg4 9. cxd5 Nxd2 10. Bxd2 cxd5 11. h3 Bxf3 12. Bxf3 e6 13. Qb3 Qd7 14. Kh2 Nc6
15. Rac1 Rfc8 16. Bc3 Rc7 17. Rcd1 Rac8 18. Rd2 Ne7 19. Be2 Bf8 20. Bb4 Nf5 21.
Bxf8 Rxf8 22. Bb5 Qe7 23. Bd3 Nd6 24. Rc2 1/2-1/2

[Event "Mistrovstvi CR senioru nad 60 let"]
[Site "?"]
[Date "2017.08.27"]
[Round "9"]
[White "Dolezal, Radoslav"]
[Black "Chudinovskikh, Alexander M"]
[Result "1/2-1/2"]
[WhiteElo "1963"]
[BlackElo "2229"]
[PlyCount "53"]
[EventDate "2017.08.19"]

1. e4 c5 2. c3 g6 3. d4 cxd4 4. cxd4 d5 5. e5 Bg7 6. Nc3 Nc6 7. Nf3 Bg4 8. Be2
e6 9. O-O Nge7 10. h3 Bxf3 11. Bxf3 O-O 12. Be3 f6 13. exf6 Bxf6 14. Bg4 Nf5
15. Ne2 Qd7 16. Qd2 Kh8 17. Bxf5 exf5 18. Bg5 Rae8 19. Rfe1 Re7 20. Bxf6+ Rxf6
21. f3 Rfe6 22. Nf4 Rxe1+ 23. Rxe1 Kg7 24. Rxe7+ Nxe7 25. Qe3 Nc6 26. Kf2 Kf6
27. h4 1/2-1/2

[Event "Mistrovstvi CR senioru nad 60 let"]
[Site "?"]
[Date "2017.08.27"]
[Round "9"]
[White "Lexa, Vaclav"]
[Black "Jablecnik, Gustav"]
[Result "0-1"]
[WhiteElo "1862"]
[BlackElo "2109"]
[PlyCount "66"]
[EventDate "2017.08.19"]

1. d4 f5 2. c4 g6 3. Nc3 Bg7 4. h4 Nf6 5. h5 Nxh5 6. e4 Nf6 7. e5 Ne4 8. Nxe4
fxe4 9. Qg4 d5 10. e6 O-O 11. Be3 Rf6 12. Nh3 Bxe6 13. Qh4 h5 14. O-O-O Bg4 15.
Rd2 Ra6 16. Kb1 Qd7 17. Nf4 Bh6 18. Nxd5 Bxe3 19. fxe3 Re6 20. Nf4 Rf6 21. Qg5
Kg7 22. Nd5 Rf7 23. Qe5+ Kg8 24. Qxc7 Na6 25. Qxd7 Bxd7 26. c5 Raf8 27. Bc4 Be6
28. Rh4 Kg7 29. Nb6 axb6 30. Bxe6 Rf1+ 31. Kc2 bxc5 32. Rxe4 R8f2 33. Bd5 Nb4+
0-1

[Event "Mistrovstvi CR senioru nad 60 let"]
[Site "?"]
[Date "2017.08.27"]
[Round "9"]
[White "Horak, Vladimir"]
[Black "Drabek, Miloslav"]
[Result "1/2-1/2"]
[WhiteElo "1946"]
[BlackElo "2036"]
[PlyCount "33"]
[EventDate "2017.08.19"]

1. d4 Nf6 2. c4 d6 3. Nf3 Nbd7 4. Nc3 e5 5. dxe5 dxe5 6. e4 c6 7. Be2 Be7 8.
O-O O-O 9. Qc2 Re8 10. h3 Qc7 11. Be3 Bc5 12. Bxc5 Nxc5 13. b4 Ne6 14. Rfd1 a5
15. a3 Nd4 16. Qd3 Nxf3+ 17. Bxf3 1/2-1/2

[Event "Mistrovstvi CR senioru nad 60 let"]
[Site "?"]
[Date "2017.08.27"]
[Round "9"]
[White "Novotny, Josef"]
[Black "Briza, Jiri"]
[Result "1-0"]
[WhiteElo "2045"]
[BlackElo "1938"]
[PlyCount "93"]
[EventDate "2017.08.19"]

1. e3 Nf6 2. d3 e6 3. g3 c5 4. Bg2 d5 5. Nh3 Nc6 6. f3 Qc7 7. Nf2 Be7 8. Nc3 a6
9. Ne2 Bd7 10. Bd2 e5 11. O-O Bd6 12. c3 O-O 13. e4 dxe4 14. dxe4 Rad8 15. Qc2
c4 16. Be3 b5 17. h3 Ne7 18. Kh1 Kh8 19. f4 exf4 20. gxf4 Bc5 21. Bd4 Nh5 22.
Ng4 Bxd4 23. cxd4 f5 24. Ne5 fxe4 25. Bxe4 Bf5 26. Rf3 Bxe4 27. Qxe4 Nf5 28.
Rg1 Qd6 29. Rg5 g6 30. Ra3 Rf6 31. Rg1 Qd5 32. Qxd5 Rxd5 33. Rd1 Kg7 34. b3
Nhg3+ 35. Nxg3 Nxg3+ 36. Kg2 Ne2 37. bxc4 Nxf4+ 38. Kf3 bxc4 39. Ke4 Rd8 40.
Nxc4 g5 41. Rb3 h5 42. Ne5 Re8 43. Rb7+ Kh6 44. Rc1 g4 45. hxg4 hxg4 46. Rg1
Kg5 47. Rxg4+ 1-0

[Event "Mistrovstvi CR senioru nad 60 let"]
[Site "?"]
[Date "2017.08.27"]
[Round "9"]
[White "Novotny, Jaroslav"]
[Black "Humlicek, Vojtech"]
[Result "1/2-1/2"]
[WhiteElo "1914"]
[BlackElo "1953"]
[PlyCount "28"]
[EventDate "2017.08.19"]

1. Nf3 Nf6 2. g3 g6 3. Bg2 Bg7 4. c4 d5 5. cxd5 Nxd5 6. O-O e5 7. d3 O-O 8. Qb3
c6 9. Bg5 Qc7 10. Rc1 Be6 11. Qa3 Nd7 12. Bd2 h6 13. Nc3 N7b6 14. Ne4 Nd7
1/2-1/2

[Event "Mistrovstvi CR senioru nad 60 let"]
[Site "?"]
[Date "2017.08.27"]
[Round "9"]
[White "Vlachopulos, Georgis"]
[Black "Salac, Jiri"]
[Result "0-1"]
[WhiteElo "1844"]
[BlackElo "2056"]
[PlyCount "88"]
[EventDate "2017.08.19"]

1. e4 c5 2. Nf3 d6 3. Bb5+ Nd7 4. d4 cxd4 5. Qxd4 a6 6. Bc4 e6 7. Nc3 Qc7 8. a4
b6 9. O-O Ngf6 10. Re1 Be7 11. Bg5 O-O 12. Rad1 Bb7 13. Bd3 Rfe8 14. Nd2 Rad8
15. h3 Ne5 16. Be3 Nfd7 17. Nc4 Nc6 18. Nxd6 Nxd4 19. Nxe8 Rxe8 20. Bxd4 Bc5
21. Be3 Ne5 22. Bf1 Bxe3 23. Rxe3 Nc4 24. Bxc4 Qxc4 25. Rd7 Bc8 26. Rd2 Qb4 27.
b3 Kf8 28. Red3 Qc5 29. Nd1 Bb7 30. Rc3 Qe7 31. f3 Rd8 32. Rxd8+ Qxd8 33. Rd3
Qg5 34. Ne3 Ke7 35. Kf2 b5 36. Rc3 Qe5 37. Rd3 h5 38. a5 g6 39. c3 f5 40. exf5
gxf5 41. Rd4 Qc5 42. Rh4 Qxc3 43. Rxh5 Qd2+ 44. Kg3 Qxe3 0-1

[Event "Mistrovstvi CR senioru nad 60 let"]
[Site "?"]
[Date "2017.08.27"]
[Round "9"]
[White "Wiedermann, Jan"]
[Black "Pilar, Miloslav"]
[Result "0-1"]
[WhiteElo "1827"]
[BlackElo "2160"]
[PlyCount "72"]
[EventDate "2017.08.19"]

1. d4 e6 2. c4 Bb4+ 3. Bd2 Qe7 4. a3 Bxd2+ 5. Nxd2 d6 6. g3 e5 7. d5 f5 8. Bh3
Nh6 9. e4 O-O 10. Qe2 a5 11. O-O-O Na6 12. f3 Nc5 13. Kc2 a4 14. Qe3 fxe4 15.
Nxe4 Bxh3 16. Nxh3 Nf5 17. Qg5 Qxg5 18. Nhxg5 Ne3+ 19. Kc3 Nxd1+ 20. Rxd1 Nxe4+
21. fxe4 Ra6 22. Rd2 Rb6 23. Kc2 Rb3 24. Ne6 Rf7 25. Ng5 Rf1 26. Ne6 Re1 27.
Rf2 h6 28. Rf8+ Kh7 29. Rc8 Re2+ 30. Kd1 Rbxb2 31. Nf8+ Kg8 32. Ne6+ Kf7 33.
Rxc7+ Kf6 34. Nxg7 Kg5 35. h3 Rh2 36. Ne6+ Kf6 0-1

[Event "Mistrovstvi CR senioru nad 60 let"]
[Site "?"]
[Date "2017.08.27"]
[Round "9"]
[White "Splitek, Lubos"]
[Black "Sobotnik, Petr"]
[Result "0-1"]
[WhiteElo "1736"]
[BlackElo "1920"]
[PlyCount "62"]
[EventDate "2017.08.19"]

1. e4 b6 2. d4 Bb7 3. Nc3 e6 4. Nf3 Bb4 5. Bd3 Nf6 6. Qe2 d5 7. e5 Ne4 8. Bd2
Nxd2 9. Qxd2 c5 10. Qf4 h6 11. O-O Bxc3 12. bxc3 O-O 13. Rfe1 Qe7 14. Re3 c4
15. Bf1 Qa3 16. Nh4 Kh7 17. Rh3 Nd7 18. Nf5 exf5 19. Qxf5+ Kg8 20. Qxd7 Bc8 21.
Qxd5 Bxh3 22. gxh3 Qxc3 23. Rd1 Qxc2 24. Qf3 Rad8 25. Qg4 Qxa2 26. d5 b5 27. d6
c3 28. Rd3 c2 29. Rg3 g6 30. Qe4 Kg7 31. Qe3 Qb2 0-1

[Event "Mistrovstvi CR senioru nad 60 let"]
[Site "?"]
[Date "2017.08.27"]
[Round "9"]
[White "Brhlik, Antonin"]
[Black "Divis, Libor"]
[Result "1-0"]
[WhiteElo "1707"]
[BlackElo "1900"]
[PlyCount "115"]
[EventDate "2017.08.19"]

1. e4 d6 2. d4 Nd7 3. Nf3 c6 4. Bc4 e6 5. a4 d5 6. Bd3 dxe4 7. Bxe4 Ngf6 8. Bd3
Be7 9. O-O Qc7 10. Qe2 Nd5 11. Ne5 Nxe5 12. dxe5 Bc5 13. Na3 Ne7 14. Kh1 Ng6
15. f4 O-O 16. Qh5 Qd8 17. Bd2 Qh4 18. Bxg6 Qxh5 19. Bxh5 Rd8 20. Rad1 a6 21.
Bc3 Rxd1 22. Rxd1 Kf8 23. Bd4 Be7 24. Bb6 Ke8 25. Nc4 g6 26. Bf3 Bd7 27. Nd6+
Bxd6 28. Rxd6 Ke7 29. a5 f5 30. Bc5 Ke8 31. Bb6 Ke7 32. Bc5 Ke8 33. b4 Rb8 34.
c4 Rc8 35. Kg1 Rb8 36. Kf2 Rc8 37. Ke3 Rb8 38. Kd3 Rc8 39. Kc3 Kd8 40. Kb3 Ke8
41. Be2 Ra8 42. Bb6 Rc8 43. Rd3 h5 44. Rg3 Kf7 45. Rd3 Ke8 46. g3 Rb8 47. h3
Ke7 48. Bc5+ Ke8 49. g4 hxg4 50. hxg4 Rd8 51. Bb6 Rc8 52. Rh3 Kf8 53. Rh8+ Kg7
54. Rxc8 Bxc8 55. g5 Kf7 56. b5 Ke7 57. Kb4 Kd7 58. Kc5 1-0

[Event "Mistrovstvi CR senioru nad 70 a 80 let"]
[Site "Pelcovo divadlo Rychnov nad Kn"]
[Date "2014.08.16"]
[Round "1"]
[White "Most, Zdenek"]
[Black "Slovak, Martin"]
[Result "1-0"]
[WhiteElo "2015"]
[BlackElo "1736"]
[PlyCount "96"]
[EventDate "2014.08.16"]

1. d4 d5 2. Nf3 Nc6 3. g3 Bf5 4. Bg2 Nb4 5. Na3 Be4 6. O-O e6 7. c3 Nc6 8. Qa4
a6 9. c4 Bxa3 10. bxa3 Nge7 11. Ne5 Bxg2 12. Kxg2 O-O 13. Nxc6 Nxc6 14. c5 Qf6
15. Bb2 Qg6 16. f3 Ne7 17. Bc3 Nf5 18. Bd2 b5 19. cxb6 cxb6 20. e3 b5 21. Qb3
h5 22. Rac1 h4 23. g4 Nh6 24. Bb4 Rfe8 25. h3 Nf5 26. Qd3 Ne7 27. Qxg6 Nxg6 28.
f4 f5 29. Rc7 Rec8 30. Rfc1 Rxc7 31. Rxc7 a5 32. Bd6 fxg4 33. hxg4 b4 34. a4
Ra6 35. Bc5 Kh7 36. Kh3 Ra8 37. Rb7 Kg8 38. g5 Kh7 39. Rb6 Nf8 40. Kxh4 Nd7 41.
Rxe6 Rc8 42. g6+ Kh6 43. Be7 Nf6 44. Bxf6 gxf6 45. f5 Rc2 46. Rxf6 Rxa2 47. Rf7
Rh2+ 48. Kg4 Rg2+ 1-0

[Event "Mistrovstvi CR senioru nad 70 a 80 let"]
[Site "Pelcovo divadlo Rychnov nad Kn"]
[Date "2014.08.16"]
[Round "1"]
[White "Labik, Jaroslav"]
[Black "Leiner, Raimund"]
[Result "1/2-1/2"]
[WhiteElo "1657"]
[BlackElo "1981"]
[PlyCount "80"]
[EventDate "2014.08.16"]

1. c4 Nf6 2. Nf3 g6 3. Nc3 Bg7 4. d4 O-O 5. e4 d6 6. Be2 e5 7. dxe5 dxe5 8. O-O
Qe7 9. Nd5 Nxd5 10. cxd5 Rd8 11. Qb3 h6 12. Be3 c6 13. Rfd1 cxd5 14. Rxd5 Rxd5
15. Qxd5 Be6 16. Qd2 Kh7 17. b3 Nc6 18. Rd1 Rd8 19. Qc3 Rxd1+ 20. Bxd1 Qa3 21.
Qd2 b6 22. h3 Bf8 23. Qc1 Qxc1 24. Bxc1 f6 25. a3 Na5 26. b4 Nc4 27. Nd2 f5 28.
Nxc4 Bxc4 29. Bb2 Bd6 30. Bc2 f4 31. f3 Kg7 32. Kf2 Kf6 33. Bd1 Bc7 34. Be2
Bxe2 35. Kxe2 b5 36. Bc3 Bd6 37. Be1 Ke6 38. g4 Kd7 39. Kd3 Kc6 40. Bc3 a6
1/2-1/2